Missing Word: Game of Thrones Quotes Quiz Stats

 Plays Quiz Updated Oct 3, 2016

Challenge
Share
Tweet
Embed
Score 0/18 Timer 03:00
0 Plays Today
Quote Missing Word % Correct
______ is coming.Winter
97%
All men must ______, but we are not men.die
96.6%
The things I do for ______.love
95.8%
You know ______ Jon Snow.nothing
94.1%
A Lannister always pays his ______.debts
94%
The ______ is dark and full of terrors.night
91.7%
A ______ is Arya Stark of Winterfell, and I'm going home.girl
86.1%
If you think this has a ______ ending, you haven’t been paying attention.happy
85.6%
______.Hodor
84.1%
Quote Missing Word % Correct
I am Sansa Stark of Winterfell. This is my ______. And you can't frighten me.home
81.7%
The free folk will never follow you. No matter what you do. You're the man who burned their ______ alive.king
77.6%
______ buys a man's silence for a time. A bolt in the heart buys it forever.Money
76.1%
The more people you love, the ______ you are.weaker
70.9%
Elia Martell of Dorne. You raped her, you murdered her. You killed her ______.children
69.5%
I swear to you, sitting a ______ is a thousand times harder than winning one.throne
65.8%
A lion doesn't concern himself with the opinion of ______.sheep
64.7%
Death is so final, yet life is full of ______.possibilities
30.3%
Poison is a woman's weapon, men prefer ______.steel
25.8%

Today's Daily Dose

You're not logged in!

Compare scores with friends on all Sporcle quizzes.
Join for Free
OR
Log In

You Might Also Like...

Show Comments

Extras

Top Quizzes Today


Score Distribution

Your Account Isn't Verified!

In order to create a playlist on Sporcle, you need to verify the email address you used during registration. Go to your Sporcle Settings to finish the process.

Report this User

Report this user for behavior that violates our Community Guidelines.

Details: